000 01350nam a2200229Ii 4500
003 JO-AjNU
005 20240623125802.0
008 230605s9999||||xx |||||||||||||| ||und||
040 _aJO-AjNU
_bara
_erda
_cJO-AjNU
041 _aara
100 1 _aبلفروم، زهرة بوبكر
_964653
_eمعد
245 2 0 _aالعلاقة بين مخاطر أعمال العميل وأتعاب التدقيق في الشركات المساهمة العامة الصناعية الأردنية : دراسة ميدانية = The Relationship between Clients Businees Risk and Audit Fees in jordanian Manufacturing Corporations : An Empirical Examination /
_cاعداد زهرة بوبكر بلفروم ؛ اشراف ميشيل سعيد سويدان
260 _c2012
300 _a118ورقة
336 _atext
_btxt
_2rdacontent
337 _aunmediated
_bn
_2rdamedia
338 _avolume
_bnc
_2rdacarrier
504 _aسالة جامعية (ماجستير).- جامعة اليرموك (إربد، الأردن)، كلية الاقتصاد والعلوم الادارية ؛ قسم المحاسبة، 2012 ببليوجرافيا : ص. 98-113
650 7 0 _aمدقق الحسابات - حوكمة الشركات - الاسواق المالية - الاردن
_964654
700 1 _aسويدان، ميشيل سعيد
_964655
_eمشرف
942 _2lcc
_cTHS
999 _c32958
_d32958